000 01775cam a2200277 a 4500
005 20031230185550.0
010 _aENG-101649 B-444882-886
020 _c595.00
_a9788184000405
035 _aEN-85182 B-444882-886
037 _bDBAD/PUB
037 _bAllied Pub/Ven
082 _a392.50954
245 1 0 _aWedding belles :
_bhow to make your dream wedding come true /
_cphotographs by Sephi Bergerson ; illustrated by Heema Sabharwal
260 _aNoida
_bRandom House India
_c2008
270 _aMind Mill Corporate Tower, 2nd Floor, Plot No 24A Sector 16A,
_bNoida
_e201301
300 _a285p.:
_c19cm (pbk)
_bill
700 _922431
_aBergerson, Sephi
700 _aSabharwal, Heema
_924440
942 _2ddc
_cEN
_mWED
_h392.50954
999 _c48256
_d48256